[Event "U12 Polish Youth Championship"]
[Site "chess24.com"]
[Date "2018.05.04"]
[Round "8"]
[White "Nowicki, Filip"]
[Black "Iwaszkiewicz, Grzegorz"]
[Result "1-0"]
[Board "17"]
[WhiteElo "1511"]
[WhiteCountry "POL"]
[WhiteFideId "21835993"]
[WhiteEloChange "7"]
[BlackElo "1411"]
[BlackCountry "POL"]
[BlackFideId "21810214"]
[BlackEloChange "-7"]

1. e4 {[%clk 1:30:55]} c5 {[%clk 1:30:57]} 2. Nf3 {[%clk 1:31:22]} Nc6 {[%clk
1:31:04]} 3. Bb5 {[%clk 1:31:48]} g6 {[%clk 1:31:09]} 4. Bxc6 {[%clk 1:32:12]}
bxc6 {[%clk 1:31:22]} 5. d3 {[%clk 1:31:53]} Bg7 {[%clk 1:31:42]} 6. Nc3 {[%clk
1:32:15]} d6 {[%clk 1:31:23]} 7. h3 {[%clk 1:32:27]} Nf6 {[%clk 1:30:43]} 8. O-O
{[%clk 1:32:02]} O-O {[%clk 1:29:50]} 9. Be3 {[%clk 1:31:37]} Nd7 {[%clk
1:18:18]} 10. Qd2 {[%clk 1:28:30]} Ne5 {[%clk 1:14:42]} 11. Nxe5 {[%clk 1:27:32]}
Bxe5 {[%clk 1:14:53]} 12. f4 {[%clk 1:27:31]} Bg7 {[%clk 1:12:00]} 13. Kh1 {[%clk
1:19:47]} f5 {[%clk 1:09:17]} 14. Rab1 {[%clk 1:08:25]} Qa5 {[%clk 1:01:08]} 15.
exf5 {[%clk 0:59:59]} gxf5 {[%clk 1:00:45]} 16. d4 {[%clk 0:59:53]} c4 {[%clk
0:50:34]} 17. Qe2 {[%clk 0:52:23]} d5 {[%clk 0:48:08]} 18. Qf2 {[%clk 0:49:32]}
Rb8 {[%clk 0:33:46]} 19. Bd2 {[%clk 0:44:29]} Rb7 {[%clk 0:28:40]} 20. Ne4 {[%clk
0:35:51]} Qxa2 {[%clk 0:25:46]} 21. Nc5 {[%clk 0:35:04]} Rb8 {[%clk 0:25:27]} 22.
Bc3 {[%clk 0:35:19]} e6 {[%clk 0:12:39]} 23. Ra1 {[%clk 0:35:13]} Rxb2 {[%clk
0:12:56]} 24. Rxa2 {[%clk 0:35:14]} Rxa2 {[%clk 0:13:20]} 25. Ra1 {[%clk
0:34:59]} Rxa1+ {[%clk 0:13:45]} 26. Bxa1 {[%clk 0:35:25]} Rf7 {[%clk 0:14:06]}
27. Qh4 {[%clk 0:35:05]} Bf6 {[%clk 0:13:52]} 28. Qe1 {[%clk 0:34:07]} Bd8 {[%clk
0:14:03]} 29. Nxe6 {[%clk 0:31:52]} Bf6 {[%clk 0:13:09]} 30. Nc5 {[%clk 0:30:40]}
Bd8 {[%clk 0:13:14]} 31. Qe8+ {[%clk 0:30:35]} Kg7 {[%clk 0:13:26]} 32. Qxd8
{[%clk 0:30:55]} a5 {[%clk 0:13:33]} 33. Qxc8 {[%clk 0:31:20]} a4 {[%clk
0:13:58]} 34. Nxa4 {[%clk 0:31:08]} c3 {[%clk 0:14:18]} 35. Bxc3 {[%clk 0:31:30]}
h5 {[%clk 0:14:34]} 36. Nc5 {[%clk 0:31:56]} h4 {[%clk 0:14:58]} 37. Be1 {[%clk
0:32:14]} Kg6 {[%clk 0:15:00]} 38. Qg8+ {[%clk 0:32:27]} Rg7 {[%clk 0:15:21]} 39.
Qe6+ {[%clk 0:32:49]} Kh5 {[%clk 0:15:30]} 40. Qxf5+ {[%clk 0:32:55]} Kh6 {[%clk
0:15:45]} 41. Qf6+ {[%clk 0:32:46]} Rg6 {[%clk 0:16:01]} 42. Qh8# {[%clk
0:33:12]} 1-0

[Event "U12 Polish Youth Championship"]
[Site "chess24.com"]
[Date "2018.05.04"]
[Round "8"]
[White "Pazdzierz, Piotr"]
[Black "Doskocz, Karol"]
[Result "1-0"]
[Board "18"]
[WhiteElo "1440"]
[WhiteCountry "POL"]
[WhiteFideId "21810419"]
[WhiteEloChange "11"]
[BlackElo "1467"]
[BlackCountry "POL"]
[BlackFideId "21835802"]
[BlackEloChange "-11"]

1. e4 {[%clk 1:30:57]} c5 {[%clk 1:30:46]} 2. Nf3 {[%clk 1:31:22]} d6 {[%clk
1:30:45]} 3. d4 {[%clk 1:31:42]} cxd4 {[%clk 1:31:11]} 4. Nxd4 {[%clk 1:32:07]}
Nf6 {[%clk 1:31:35]} 5. Nc3 {[%clk 1:31:29]} a6 {[%clk 1:31:45]} 6. Bg5 {[%clk
1:30:50]} e6 {[%clk 1:31:32]} 7. f4 {[%clk 1:29:39]} h6 {[%clk 1:31:31]} 8. Bh4
{[%clk 1:29:46]} Qb6 {[%clk 1:31:00]} 9. Qd2 {[%clk 1:29:14]} Qxb2 {[%clk
1:30:30]} 10. Rb1 {[%clk 1:21:30]} Qa3 {[%clk 1:30:34]} 11. Be2 {[%clk 1:11:53]}
Be7 {[%clk 1:26:45]} 12. Bf2 {[%clk 1:05:46]} b5 {[%clk 1:12:45]} 13. Bf3 {[%clk
0:56:03]} e5 {[%clk 0:59:40]} 14. Nf5 {[%clk 0:49:39]} g6 {[%clk 0:50:16]} 15.
Nxe7 {[%clk 0:47:17]} Kxe7 {[%clk 0:50:36]} 16. Rb3 {[%clk 0:41:03]} Nxe4 {[%clk
0:46:45]} 17. Nxe4 {[%clk 0:36:26]} 1-0

[Event "U12 Polish Youth Championship"]
[Site "chess24.com"]
[Date "2018.05.04"]
[Round "8"]
[White "Pancewicz, Szymon"]
[Black "Czernecki, Andrzej"]
[Result "1-0"]
[Board "19"]
[WhiteElo "1337"]
[WhiteCountry "POL"]
[WhiteFideId "21852995"]
[WhiteEloChange "12"]
[BlackElo "1418"]
[BlackCountry "POL"]
[BlackFideId "21810117"]
[BlackEloChange "-12"]

1. e4 {[%clk 1:30:54]} c5 {[%clk 1:30:57]} 2. Nf3 {[%clk 1:31:19]} d6 {[%clk
1:31:24]} 3. d4 {[%clk 1:31:44]} cxd4 {[%clk 1:31:50]} 4. Nxd4 {[%clk 1:32:11]}
Nf6 {[%clk 1:32:16]} 5. Nc3 {[%clk 1:32:37]} Nc6 {[%clk 1:32:43]} 6. Bg5 {[%clk
1:33:03]} e6 {[%clk 1:32:53]} 7. Qd2 {[%clk 1:33:20]} a6 {[%clk 1:33:20]} 8.
O-O-O {[%clk 1:33:39]} Bd7 {[%clk 1:33:47]} 9. f3 {[%clk 1:33:43]} Be7 {[%clk
1:34:09]} 10. Be3 {[%clk 1:33:05]} b5 {[%clk 1:32:37]} 11. Nxc6 {[%clk 1:33:08]}
Bxc6 {[%clk 1:33:01]} 12. Ne2 {[%clk 1:33:17]} d5 {[%clk 1:30:58]} 13. e5 {[%clk
1:33:21]} Nd7 {[%clk 1:31:22]} 14. f4 {[%clk 1:33:14]} O-O {[%clk 1:28:18]} 15.
Nd4 {[%clk 1:32:54]} Qc7 {[%clk 1:25:52]} 16. g4 {[%clk 1:28:58]} b4 {[%clk
1:25:38]} 17. Kb1 {[%clk 1:21:07]} a5 {[%clk 1:23:43]} 18. b3 {[%clk 1:17:40]}
Nc5 {[%clk 1:16:37]} 19. Bd3 {[%clk 1:16:15]} Nxd3 {[%clk 1:05:29]} 20. Qxd3
{[%clk 1:15:24]} Bc5 {[%clk 1:05:31]} 21. h4 {[%clk 1:12:14]} Bxd4 {[%clk
1:05:40]} 22. Bxd4 {[%clk 1:12:36]} a4 {[%clk 1:04:21]} 23. h5 {[%clk 1:08:38]}
axb3 {[%clk 1:04:20]} 24. cxb3 {[%clk 1:08:49]} Qa5 {[%clk 0:58:29]} 25. Rh2
{[%clk 1:07:32]} Bb5 {[%clk 0:56:52]} 26. Qh3 {[%clk 1:05:46]} Rfc8 {[%clk
0:56:09]} 27. g5 {[%clk 1:01:28]} Qa6 {[%clk 0:55:48]} 28. g6 {[%clk 0:56:03]}
fxg6 {[%clk 0:50:25]} 29. hxg6 {[%clk 0:55:36]} h6 {[%clk 0:50:44]} 30. f5 {[%clk
0:41:15]} exf5 {[%clk 0:46:48]} 31. Qxf5 {[%clk 0:36:21]} Rf8 {[%clk 0:46:50]}
32. Qg4 {[%clk 0:28:14]} Bd3+ {[%clk 0:44:20]} 33. Ka1 {[%clk 0:27:30]} Be4
{[%clk 0:43:25]} 34. Re1 {[%clk 0:08:38]} Qd3 {[%clk 0:41:31]} 35. Rd1 {[%clk
0:02:21]} Qa6 {[%clk 0:41:10]} 36. Re1 {[%clk 0:02:25]} Rf1 {[%clk 0:37:55]} 37.
Qd1 {[%clk 0:01:35]} Rf3 {[%clk 0:37:41]} 38. Rd2 {[%clk 0:01:27]} Qa5 {[%clk
0:29:22]} 39. Be3 {[%clk 0:01:23]} Qc7 {[%clk 0:25:34]} 40. Bd4 {[%clk 0:01:30]}
Rc8 {[%clk 0:25:44]} 41. e6 {[%clk 0:01:29]} Rg3 {[%clk 0:20:02]} 42. Bb2 {[%clk
0:01:31]} Rxg6 {[%clk 0:17:55]} 43. Qh5 {[%clk 0:01:26]} Rxe6 {[%clk 0:16:11]}
44. Rxd5 {[%clk 0:01:42]} Bxd5 {[%clk 0:13:23]} 45. Qxd5 {[%clk 0:02:07]} Re8
{[%clk 0:11:41]} 46. Rxe6 {[%clk 0:02:28]} Rxe6 {[%clk 0:11:55]} 47. Qxe6+ {[%clk
0:02:55]} Kh7 {[%clk 0:12:16]} 48. Qe4+ {[%clk 0:03:18]} g6 {[%clk 0:11:00]} 49.
Qxb4 {[%clk 0:03:29]} Qf7 {[%clk 0:10:25]} 50. a4 {[%clk 0:03:30]} h5 {[%clk
0:10:27]} 51. Qc4 {[%clk 0:03:45]} Qd7 {[%clk 0:10:35]} 52. Qd4 {[%clk 0:04:05]}
Qxd4 {[%clk 0:10:44]} 53. Bxd4 {[%clk 0:04:31]} h4 {[%clk 0:11:04]} 54. a5 {[%clk
0:04:52]} g5 {[%clk 0:11:23]} 55. a6 {[%clk 0:05:12]} g4 {[%clk 0:11:50]} 56. a7
{[%clk 0:05:29]} g3 {[%clk 0:12:07]} 57. a8Q {[%clk 0:05:54]} Kg6 {[%clk
0:12:21]} 58. Qd8 {[%clk 0:06:12]} 1-0

[Event "U12 Polish Youth Championship"]
[Site "chess24.com"]
[Date "2018.05.04"]
[Round "8"]
[White "Jarocki, Gabriel"]
[Black "Serewa, Antoni"]
[Result "0-1"]
[Board "20"]
[WhiteElo "1427"]
[WhiteCountry "POL"]
[WhiteFideId "21852871"]
[WhiteEloChange "-11"]
[BlackElo "1392"]
[BlackCountry "POL"]
[BlackFideId "21837198"]
[BlackEloChange "11"]

1. d4 {[%clk 1:30:59]} d5 {[%clk 1:30:18]} 2. c4 {[%clk 1:31:21]} c6 {[%clk
1:30:42]} 3. cxd5 {[%clk 1:30:43]} cxd5 {[%clk 1:29:53]} 4. Nc3 {[%clk 1:30:41]}
Nc6 {[%clk 1:29:04]} 5. g3 {[%clk 1:30:26]} Nf6 {[%clk 1:28:18]} 6. Bg2 {[%clk
1:29:04]} Bf5 {[%clk 1:27:43]} 7. a3 {[%clk 1:28:01]} e6 {[%clk 1:26:57]} 8. Bg5
{[%clk 1:27:54]} Qb6 {[%clk 1:24:37]} 9. Bxf6 {[%clk 1:25:23]} gxf6 {[%clk
1:24:44]} 10. b4 {[%clk 1:00:18]} Qxd4 {[%clk 1:19:30]} 11. Rc1 {[%clk 0:54:01]}
Qxd1+ {[%clk 1:14:53]} 12. Rxd1 {[%clk 0:54:15]} Rc8 {[%clk 1:06:50]} 13. Na2
{[%clk 0:39:09]} Ne5 {[%clk 1:00:43]} 14. Nf3 {[%clk 0:38:25]} Nc4 {[%clk
1:00:08]} 15. Nd4 {[%clk 0:33:43]} Bg6 {[%clk 0:54:33]} 16. Rc1 {[%clk 0:30:17]}
Be7 {[%clk 0:51:04]} 17. O-O {[%clk 0:29:40]} O-O {[%clk 0:50:42]} 18. a4 {[%clk
0:24:51]} Nd6 {[%clk 0:43:47]} 19. h4 {[%clk 0:23:02]} h6 {[%clk 0:43:05]} 20. f4
{[%clk 0:21:06]} Be4 {[%clk 0:40:44]} 21. Bh3 {[%clk 0:21:02]} f5 {[%clk
0:38:36]} 22. Kh2 {[%clk 0:18:10]} Kh7 {[%clk 0:36:21]} 23. e3 {[%clk 0:15:51]}
h5 {[%clk 0:35:08]} 24. b5 {[%clk 0:09:37]} Nc4 {[%clk 0:30:42]} 25. Rfe1 {[%clk
0:09:44]} Ba3 {[%clk 0:29:52]} 26. Rc3 {[%clk 0:08:38]} Rc7 {[%clk 0:28:22]} 27.
Bf1 {[%clk 0:07:04]} Bb2 {[%clk 0:25:43]} 28. Rb3 {[%clk 0:06:49]} Bxd4 {[%clk
0:26:00]} 29. exd4 {[%clk 0:06:44]} Nd2 {[%clk 0:26:20]} 30. Nc1 {[%clk 0:04:28]}
Nf3+ {[%clk 0:26:04]} 31. Rxf3 {[%clk 0:04:50]} Bxf3 {[%clk 0:26:30]} 32. Nd3
{[%clk 0:05:01]} Rc2+ {[%clk 0:26:19]} 33. Kg1 {[%clk 0:05:11]} Rg8 {[%clk
0:26:33]} 34. Nf2 {[%clk 0:04:25]} Rxg3+ {[%clk 0:26:47]} 35. Kh2 {[%clk
0:04:36]} Rg8 {[%clk 0:27:10]} 36. Be2 {[%clk 0:04:26]} Rg2+ {[%clk 0:26:51]} 37.
Kh3 {[%clk 0:04:40]} Rxf2 {[%clk 0:26:56]} 38. b6 {[%clk 0:04:49]} a6 {[%clk
0:27:11]} 39. Bxa6 {[%clk 0:05:01]} Bg4+ {[%clk 0:27:28]} 40. Kg3 {[%clk
0:05:18]} Rg2# {[%clk 0:27:32]} 0-1

[Event "U12 Polish Youth Championship"]
[Site "chess24.com"]
[Date "2018.05.04"]
[Round "8"]
[White "Taranowicz, Michal"]
[Black "Grzadka, Artur"]
[Result "1-0"]
[Board "21"]
[WhiteElo "1487"]
[WhiteCountry "POL"]
[WhiteFideId "21859191"]
[WhiteEloChange "4"]
[BlackElo "1269"]
[BlackCountry "POL"]
[BlackFideId "21836736"]
[BlackEloChange "-4"]

1. e4 {[%clk 1:30:58]} c5 {[%clk 1:30:57]} 2. Nf3 {[%clk 1:31:23]} Nc6 {[%clk
1:31:21]} 3. d4 {[%clk 1:31:48]} cxd4 {[%clk 1:31:47]} 4. Nxd4 {[%clk 1:32:14]}
g6 {[%clk 1:32:14]} 5. c4 {[%clk 1:31:48]} Bg7 {[%clk 1:32:35]} 6. Be3 {[%clk
1:32:08]} Nf6 {[%clk 1:32:52]} 7. f3 {[%clk 1:32:33]} O-O {[%clk 1:32:26]} 8. Qd2
{[%clk 1:32:44]} a6 {[%clk 1:31:53]} 9. Be2 {[%clk 1:32:58]} d6 {[%clk 1:31:36]}
10. O-O {[%clk 1:32:59]} Bd7 {[%clk 1:30:27]} 11. Nc3 {[%clk 1:33:20]} Qc7 {[%clk
1:29:57]} 12. Rac1 {[%clk 1:33:43]} Ne5 {[%clk 1:28:45]} 13. b3 {[%clk 1:34:06]}
Nc6 {[%clk 1:28:34]} 14. Rfd1 {[%clk 1:34:25]} Nxd4 {[%clk 1:28:19]} 15. Bxd4
{[%clk 1:34:33]} Bc6 {[%clk 1:27:58]} 16. Bf1 {[%clk 1:31:23]} e6 {[%clk
1:24:25]} 17. b4 {[%clk 1:18:51]} Rfd8 {[%clk 1:21:52]} 18. b5 {[%clk 1:16:31]}
Be8 {[%clk 1:20:02]} 19. Qb2 {[%clk 1:12:17]} Qe7 {[%clk 1:18:18]} 20. Qb4 {[%clk
1:09:09]} Qf8 {[%clk 1:16:13]} 21. Bb6 {[%clk 1:04:10]} Rdc8 {[%clk 1:12:37]} 22.
a4 {[%clk 0:44:48]} Nd7 {[%clk 1:11:33]} 23. Be3 {[%clk 0:45:00]} Nc5 {[%clk
1:10:50]} 24. Bf4 {[%clk 0:42:12]} a5 {[%clk 1:07:41]} 25. Qa3 {[%clk 0:38:51]}
Rd8 {[%clk 1:04:43]} 26. Ne2 {[%clk 0:34:47]} b6 {[%clk 1:02:38]} 27. Rc2 {[%clk
0:34:37]} f6 {[%clk 0:58:07]} 28. Rcd2 {[%clk 0:32:02]} e5 {[%clk 0:58:15]} 29.
Be3 {[%clk 0:32:00]} Bf7 {[%clk 0:58:35]} 30. Nc3 {[%clk 0:31:41]} Rab8 {[%clk
0:57:30]} 31. Nd5 {[%clk 0:30:27]} Bxd5 {[%clk 0:56:40]} 32. Rxd5 {[%clk
0:30:37]} Qe7 {[%clk 0:54:53]} 33. Bxc5 {[%clk 0:28:38]} dxc5 {[%clk 0:53:00]}
34. Qd3 {[%clk 0:29:04]} Rxd5 {[%clk 0:52:19]} 35. Qxd5+ {[%clk 0:29:28]} Kh8
{[%clk 0:51:33]} 36. Qd6 {[%clk 0:22:55]} Qxd6 {[%clk 0:50:35]} 37. Rxd6 {[%clk
0:23:20]} Kg8 {[%clk 0:50:38]} 38. Kf2 {[%clk 0:23:34]} Rb7 {[%clk 0:50:09]} 39.
g3 {[%clk 0:23:03]} Kf7 {[%clk 0:50:21]} 40. Ke3 {[%clk 0:23:09]} Ke7 {[%clk
0:50:10]} 41. Rc6 {[%clk 0:22:03]} Kf7 {[%clk 0:49:49]} 42. Bh3 {[%clk 0:22:04]}
g5 {[%clk 0:49:01]} 43. Be6+ {[%clk 0:22:11]} Ke7 {[%clk 0:48:12]} 44. Bd5 {[%clk
0:22:27]} Kd8 {[%clk 0:44:10]} 45. Rd6+ {[%clk 0:22:12]} Kc7 {[%clk 0:44:27]} 46.
Rc6+ {[%clk 0:21:17]} Kd8 {[%clk 0:44:37]} 47. Kf2 {[%clk 0:21:16]} Rb8 {[%clk
0:44:18]} 48. Kg2 {[%clk 0:21:20]} Ke8 {[%clk 0:42:45]} 49. Rc7 {[%clk 0:20:57]}
Bf8 {[%clk 0:42:19]} 50. Rxh7 {[%clk 0:20:51]} Bd6 {[%clk 0:41:38]} 51. Kh3
{[%clk 0:21:00]} Be7 {[%clk 0:41:01]} 52. Kg4 {[%clk 0:21:21]} Kd7 {[%clk
0:41:03]} 53. Kf5 {[%clk 0:21:42]} Rg8 {[%clk 0:40:54]} 54. Bxg8 {[%clk 0:21:56]}
1-0

[Event "U12 Polish Youth Championship"]
[Site "chess24.com"]
[Date "2018.05.04"]
[Round "8"]
[White "Kolodziejski, Piotr"]
[Black "Katny, Samuel"]
[Result "1-0"]
[Board "22"]
[WhiteElo "1418"]
[WhiteCountry "POL"]
[WhiteFideId "21840962"]
[WhiteEloChange "8"]
[BlackElo "1343"]
[BlackCountry "POL"]
[BlackFideId "21846693"]
[BlackEloChange "-8"]

1. e4 {[%clk 1:30:58]} e5 {[%clk 1:30:51]} 2. Nf3 {[%clk 1:31:24]} Nc6 {[%clk
1:30:50]} 3. d4 {[%clk 1:31:48]} exd4 {[%clk 1:30:21]} 4. Nxd4 {[%clk 1:32:09]}
Nxd4 {[%clk 1:29:52]} 5. Qxd4 {[%clk 1:32:30]} c6 {[%clk 1:25:57]} 6. Nc3 {[%clk
1:30:58]} Qf6 {[%clk 1:21:57]} 7. Be3 {[%clk 1:29:07]} Bd6 {[%clk 1:19:46]} 8. f4
{[%clk 1:26:54]} Qxd4 {[%clk 1:18:10]} 9. Bxd4 {[%clk 1:27:13]} f6 {[%clk
1:18:30]} 10. g3 {[%clk 1:26:42]} Bb4 {[%clk 1:18:35]} 11. a3 {[%clk 1:26:24]}
Bxc3+ {[%clk 1:18:23]} 12. Bxc3 {[%clk 1:26:48]} Ne7 {[%clk 1:18:29]} 13. Bb4
{[%clk 1:26:30]} Ng6 {[%clk 1:12:39]} 14. O-O-O {[%clk 1:23:25]} b6 {[%clk
1:12:20]} 15. Bd6 {[%clk 1:22:26]} Bb7 {[%clk 1:11:59]} 16. Bc4 {[%clk 1:19:14]}
c5 {[%clk 1:03:12]} 17. Rhe1 {[%clk 1:18:18]} a6 {[%clk 0:55:53]} 18. e5 {[%clk
1:12:42]} fxe5 {[%clk 0:52:56]} 19. f5 {[%clk 1:12:32]} b5 {[%clk 0:39:58]} 20.
fxg6 {[%clk 1:08:59]} bxc4 {[%clk 0:40:16]} 21. Rxe5+ {[%clk 1:09:18]} Kd8 {[%clk
0:40:30]} 22. Be7+ {[%clk 1:09:31]} Kc7 {[%clk 0:40:10]} 23. Rxc5+ {[%clk
1:09:40]} Bc6 {[%clk 0:40:28]} 24. Bd6+ {[%clk 1:09:36]} Kc8 {[%clk 0:39:24]} 25.
gxh7 {[%clk 1:09:15]} Rxh7 {[%clk 0:39:41]} 26. h4 {[%clk 1:09:35]} Kb7 {[%clk
0:39:31]} 27. Rxc4 {[%clk 1:08:40]} Re8 {[%clk 0:39:43]} 28. Kd2 {[%clk 1:07:34]}
Rh6 {[%clk 0:39:09]} 29. Bf4 {[%clk 1:07:12]} Rhe6 {[%clk 0:39:06]} 30. Rc3
{[%clk 1:05:26]} Re2+ {[%clk 0:30:12]} 31. Kc1 {[%clk 1:05:03]} Rc8 {[%clk
0:25:57]} 32. b3 {[%clk 1:03:54]} Rce8 {[%clk 0:22:40]} 33. Rdd3 {[%clk 1:02:26]}
Re1+ {[%clk 0:20:40]} 34. Kb2 {[%clk 1:02:28]} Rf1 {[%clk 0:19:23]} 35. Re3
{[%clk 1:02:46]} Rf8 {[%clk 0:19:24]} 36. Re7 {[%clk 1:02:16]} g6 {[%clk
0:19:18]} 37. Rg7 {[%clk 1:00:23]} Rf6 {[%clk 0:17:19]} 38. Re3 {[%clk 0:59:11]}
Rd1 {[%clk 0:13:45]} 39. Re8 {[%clk 0:58:27]} Rf1 {[%clk 0:12:53]} 40. Rgg8
{[%clk 0:58:18]} Kb6 {[%clk 0:12:30]} 41. Rb8+ {[%clk 0:57:39]} Kc5 {[%clk
0:12:47]} 42. Rbe8 {[%clk 0:57:24]} Kb6 {[%clk 0:12:35]} 43. Rgf8 {[%clk
0:56:08]} Rxf8 {[%clk 0:12:26]} 44. Rxf8 {[%clk 0:56:24]} Re1 {[%clk 0:12:36]}
45. Rf6 {[%clk 0:51:43]} Re2 {[%clk 0:11:29]} 46. Rxg6 {[%clk 0:50:23]} Kb7
{[%clk 0:11:32]} 47. Rd6 {[%clk 0:50:32]} Kc8 {[%clk 0:10:31]} 48. Rd2 {[%clk
0:50:46]} Re1 {[%clk 0:08:06]} 49. Rh2 {[%clk 0:50:38]} Be4 {[%clk 0:07:16]} 50.
h5 {[%clk 0:50:55]} Kd8 {[%clk 0:07:03]} 51. h6 {[%clk 0:51:19]} Bh7 {[%clk
0:07:19]} 52. Rd2 {[%clk 0:51:42]} Re6 {[%clk 0:07:10]} 53. g4 {[%clk 0:50:23]}
Re4 {[%clk 0:07:09]} 54. Rf2 {[%clk 0:50:43]} d5 {[%clk 0:06:33]} 55. g5 {[%clk
0:50:49]} d4 {[%clk 0:06:46]} 56. Bc1 {[%clk 0:50:45]} Re7 {[%clk 0:06:58]} 57.
g6 {[%clk 0:50:46]} Bxg6 {[%clk 0:07:06]} 58. Bg5 {[%clk 0:51:06]} Bh7 {[%clk
0:06:39]} 59. Rf7 {[%clk 0:51:30]} Bg6 {[%clk 0:06:35]} 60. Rxe7 {[%clk 0:51:47]}
Kc8 {[%clk 0:06:44]} 61. h7 {[%clk 0:52:07]} Bxh7 {[%clk 0:07:01]} 62. Rxh7
{[%clk 0:52:19]} Kb8 {[%clk 0:07:19]} 63. c4 {[%clk 0:52:43]} dxc3+ {[%clk
0:07:22]} 64. Kxc3 {[%clk 0:53:04]} Ka8 {[%clk 0:07:42]} 65. Kc4 {[%clk 0:53:25]}
Kb8 {[%clk 0:07:47]} 66. Kc5 {[%clk 0:53:50]} Kc8 {[%clk 0:07:56]} 67. Kc6 {[%clk
0:53:51]} Kb8 {[%clk 0:08:17]} 68. Bf4+ {[%clk 0:53:57]} Ka8 {[%clk 0:08:36]} 69.
Rh8+ {[%clk 0:54:19]} Ka7 {[%clk 0:09:05]} 70. Be3# {[%clk 0:54:38]} 1-0

[Event "U12 Polish Youth Championship"]
[Site "chess24.com"]
[Date "2018.05.04"]
[Round "8"]
[White "Malinowski, Szymon"]
[Black "Blazniak, Bartlomiej"]
[Result "0-1"]
[Board "23"]
[WhiteElo "1549"]
[WhiteCountry "POL"]
[WhiteFideId "21832757"]
[WhiteEloChange "-14"]
[BlackElo "1385"]
[BlackCountry "POL"]
[BlackFideId "21835640"]
[BlackEloChange "14"]

1. d4 {[%clk 1:30:47]} c5 {[%clk 1:30:03]} 2. c3 {[%clk 1:29:44]} cxd4 {[%clk
1:26:37]} 3. cxd4 {[%clk 1:30:07]} d5 {[%clk 1:26:52]} 4. Nc3 {[%clk 1:30:30]}
Bf5 {[%clk 1:26:07]} 5. Qb3 {[%clk 1:30:31]} b6 {[%clk 1:24:50]} 6. Qxd5 {[%clk
1:30:48]} Qxd5 {[%clk 1:25:15]} 7. Nxd5 {[%clk 1:31:09]} Kd8 {[%clk 1:25:18]} 8.
Bf4 {[%clk 1:31:19]} Nc6 {[%clk 1:25:25]} 9. e3 {[%clk 1:31:01]} e6 {[%clk
1:25:36]} 10. Nc3 {[%clk 1:31:25]} Bb4 {[%clk 1:25:32]} 11. Bb5 {[%clk 1:31:40]}
Nge7 {[%clk 1:25:16]} 12. a3 {[%clk 1:32:05]} Bxc3+ {[%clk 1:25:30]} 13. bxc3
{[%clk 1:32:24]} Kd7 {[%clk 1:25:18]} 14. Nf3 {[%clk 1:32:43]} f6 {[%clk
1:25:28]} 15. O-O {[%clk 1:32:54]} g5 {[%clk 1:24:55]} 16. Bg3 {[%clk 1:33:12]}
h5 {[%clk 1:24:56]} 17. h4 {[%clk 1:33:27]} Rag8 {[%clk 1:24:16]} 18. Rad1 {[%clk
1:33:13]} Rg6 {[%clk 1:22:54]} 19. Rfe1 {[%clk 1:33:25]} Be4 {[%clk 1:21:34]} 20.
c4 {[%clk 1:33:09]} Bxf3 {[%clk 1:21:13]} 21. gxf3 {[%clk 1:33:28]} a6 {[%clk
0:49:46]} 22. Bxc6+ {[%clk 1:33:43]} Nxc6 {[%clk 0:49:41]} 23. Kh2 {[%clk
1:33:57]} Na5 {[%clk 0:48:07]} 24. c5 {[%clk 1:33:06]} b5 {[%clk 0:48:11]} 25.
Re2 {[%clk 1:27:01]} Nc4 {[%clk 0:47:44]} 26. Ra1 {[%clk 1:27:19]} Kc6 {[%clk
0:46:51]} 27. Rc2 {[%clk 1:26:33]} Na5 {[%clk 0:44:00]} 28. Rb1 {[%clk 1:24:06]}
Nc4 {[%clk 0:42:04]} 29. Rb3 {[%clk 1:23:17]} Rhg8 {[%clk 0:39:57]} 30. Kh3
{[%clk 1:21:37]} gxh4 {[%clk 0:39:45]} 31. Kxh4 {[%clk 1:21:56]} Kd5 {[%clk
0:37:36]} 32. Rd3 {[%clk 1:21:50]} Kc6 {[%clk 0:37:15]} 33. a4 {[%clk 1:16:44]}
Ra8 {[%clk 0:35:10]} 34. axb5+ {[%clk 1:14:01]} axb5 {[%clk 0:35:28]} 35. Rc1
{[%clk 1:12:23]} Nb2 {[%clk 0:32:01]} 36. Rb3 {[%clk 1:12:14]} Nc4 {[%clk
0:32:00]} 37. Rd1 {[%clk 1:10:41]} f5 {[%clk 0:30:34]} 38. Bf4 {[%clk 0:52:25]}
Ra2 {[%clk 0:27:00]} 39. Bg3 {[%clk 0:42:04]} Nd2 {[%clk 0:24:25]} 40. Kxh5
{[%clk 0:40:59]} Rxg3 {[%clk 0:22:18]} 41. Rxd2 {[%clk 0:41:14]} Rh3+ {[%clk
0:22:35]} 42. Kg5 {[%clk 0:41:28]} Rxd2 {[%clk 0:22:52]} 43. Kf6 {[%clk 0:41:54]}
Rxf2 {[%clk 0:21:57]} 44. Ra3 {[%clk 0:41:42]} Rfxf3 {[%clk 0:16:55]} 45. Ra6+
{[%clk 0:42:33]} Kd5 {[%clk 0:16:30]} 46. Rd6+ {[%clk 0:42:52]} Kc4 {[%clk
0:16:54]} 47. c6 {[%clk 0:43:04]} Rh8 {[%clk 0:16:53]} 48. c7 {[%clk 0:42:50]}
Rc8 {[%clk 0:17:10]} 49. Rc6+ {[%clk 0:43:17]} Kd5 {[%clk 0:16:34]} 50. Rc5+
{[%clk 0:43:33]} Kd6 {[%clk 0:16:04]} 51. Rxb5 {[%clk 0:43:57]} Rxc7 {[%clk
0:16:01]} 52. Re5 {[%clk 0:44:10]} Re7 {[%clk 0:13:15]} 53. Ra5 {[%clk 0:44:30]}
Rh7 {[%clk 0:11:47]} 54. Ra6+ {[%clk 0:44:31]} Kd5 {[%clk 0:11:32]} 55. Ra5+
{[%clk 0:44:40]} Ke4 {[%clk 0:10:21]} 56. Kxe6 {[%clk 0:44:18]} Rxe3 {[%clk
0:09:43]} 57. d5 {[%clk 0:44:40]} Rh6+ {[%clk 0:09:31]} 58. Kf7 {[%clk 0:44:54]}
Rd6 {[%clk 0:09:20]} 59. Ra4+ {[%clk 0:45:07]} Ke5 {[%clk 0:09:28]} 60. Rc4
{[%clk 0:45:02]} Rxd5 {[%clk 0:09:32]} 61. Rc1 {[%clk 0:45:17]} f4 {[%clk
0:09:46]} 62. Rf1 {[%clk 0:45:31]} f3 {[%clk 0:10:06]} 63. Rxf3 {[%clk 0:45:58]}
Rxf3+ {[%clk 0:10:32]} 64. Kg7 {[%clk 0:46:16]} Rd1 {[%clk 0:10:50]} 65. Kh6
{[%clk 0:46:34]} Rg3 {[%clk 0:11:08]} 66. Kh5 {[%clk 0:46:58]} Rh1# {[%clk
0:11:08]} 0-1